| 000 | 00762nam a2200241 i 4500 | ||
|---|---|---|---|
| 001 | 104406 | ||
| 003 | ES-MaACL | ||
| 005 | 20250901063123.0 | ||
| 007 | t| | ||
| 008 | 051129s1985 sp ||||1| spa d | ||
| 020 | _a84-7525-142-0 | ||
| 100 |
_aMillás, Juan José, _d1946- _9241756 |
||
| 245 | 1 | 0 |
_aPapel mojado / _cJuan José Millás; apéndice Constantino Bértolo Cadenas; ilustración Viana Fuentes. |
| 250 | _a3ª ed. | ||
| 260 |
_aMadrid : _bAnaya, _c1985. |
||
| 300 |
_a214 p. : _bil. ; _c20 cm. |
||
| 490 | 1 |
_aTus libros ; _v33 |
|
| 700 | 1 |
_aBértolo Cadenas, Constantino. _928481 |
|
| 700 | 1 |
_aFuentes, Viana. _952912 |
|
| 830 | 0 |
_aTus libros ; _v33 _9232636 |
|
| 852 |
_aES-MaACL _jL-10343 _bR.112451 |
||
| 999 |
_c104406 _d104406 |
||